00426nam a2200157Ia 4500008004100000020001800041082001600059100001400075245003800089250000600127260003900133300001700172500002400189650001000213700004500223230524s9999 xx 000 0 und d a9789382332602 a624.17bMUT aK U Muthu 0aIndeterminate Structural Analysis a1 aNew DelhibI.K.Internationalc2014 a"XVII,824p;" aQuantity Number: 1 aCivil a"H.Narendra, Maganti , Janardhana. etl"